Poder hablar del dolor sin consuelo /

Guardado en:
Bibliografiske detaljer
Hovedforfatter: Schumacher, Mario Marcos
Format: Texto
Fag:
Tags: Tilføj Tag
Ingen Tags, Vær først til at tagge denne postø!

MARC

LEADER 00000 a a2200000 04500
001 8730
003
040
100 |a Schumacher, Mario Marcos  
245 |a Poder hablar del dolor sin consuelo /  |c Mario Marcos Schumacher 
650 |a PSICOANALISIS  
773 |g número 11; páginas 129-139  
999 |c 39434  |d 39434